Methods and applications of linear models: regression and the analysis of variance

Saved in:
Bibliografiske detaljer
Hovedforfatter: Hocking, Ronald R (Author)
Format: Bog
Sprog:engelsk
Udgivet: Hoboken Wiley 2013
Udgivelse:3a. ed
Serier:Wiley Series in Probability and Statistics
Fag:
Tags: Tilføj Tag
Ingen Tags, Vær først til at tagge denne postø!

MARC

LEADER 00000cam a2200000 a 4500
001 UCD6138
003 CL-VaPUC
008 161118e20130000us |||||||||||||||||eng|d
020 |a 9781118329504 
020 |a 9781118514948 
082 0 4 |a 519.36  |b HOC  |2 21 
100 |a Hocking, Ronald R  |e author  |9 589826 
245 1 0 |a Methods and applications of linear models: regression and the analysis of variance 
250 |a 3a. ed 
300 |a 681 p 
942 |c BK 
945 |d 20161118 09:36:00  |a arojas 
260 |a Hoboken  |b Wiley  |c 2013 
650 0 |a Análisis de varianza   |9 336938 
650 0 |a Estadísticas  |9 258644 
650 0 |a Análisis de regresión   |9 263763 
650 0 |a Polinomio  |9 417637 
583 |a last modification  |c 20161118 09:36:00  |k Rodrigo Vera 
490 0 |a Wiley Series in Probability and Statistics 
999 |c 366513  |d 366511 
952 |0 0  |1 0  |3 erd  |4 0  |6 519_360000000000000_HOC_2013  |7 0  |8 A  |9 480790  |a BIBGIM  |b BIBGIM  |i 5347947  |o 519.36 HOC 2013  |p 5347947  |r 2025-01-15  |w 2019-11-24  |y BK  |z Catalogado en:20161118  |k EST